Electrical theory for renewable energy / (Record no. 71559)

000 -LEADER
fixed length control field 02799cam a22003857a 4500
001 - CONTROL NUMBER
control field 17343136
003 - CONTROL NUMBER IDENTIFIER
control field NUST - PNEC
005 - DATE AND TIME OF LATEST TRANSACTION
control field 20170116181204.0
008 - FIXED-LENGTH DATA ELEMENTS--GENERAL INFORMATION
fixed length control field 120612s2013 nyuab 000 0 eng
010 ## - LIBRARY OF CONGRESS CONTROL NUMBER
LC control number 2012941795
020 ## - INTERNATIONAL STANDARD BOOK NUMBER
International Standard Book Number 9781133127550
020 ## - INTERNATIONAL STANDARD BOOK NUMBER
International Standard Book Number 113312755X
035 ## - SYSTEM CONTROL NUMBER
System control number (OCoLC)ocn827727125
040 ## - CATALOGING SOURCE
Transcribing agency LIBRARY
042 ## - AUTHENTICATION CODE
Authentication code lccopycat
050 00 - LIBRARY OF CONGRESS CALL NUMBER
Classification number TJ808
Item number .G66 2013
082 ## - DEWEY DECIMAL CLASSIFICATION NUMBER
Classification number 621.042 GOO
100 1# - MAIN ENTRY--PERSONAL NAME
Personal name Goodstal, Gary.
245 10 - TITLE STATEMENT
Title Electrical theory for renewable energy /
Statement of responsibility, etc. Gary Goodstal.
260 ## - PUBLICATION, DISTRIBUTION, ETC.
Place of publication, distribution, etc. Clifton Park, N.Y. :
Name of publisher, distributor, etc. Delmar ;
Place of publication, distribution, etc. Andover :
Name of publisher, distributor, etc. Cengage Learning,
Date of publication, distribution, etc. 2013.
300 ## - PHYSICAL DESCRIPTION
Extent xvi, 256 p. :
Other physical details Ill. (some col.), maps ;
Dimensions 27 cm.
490 0# - SERIES STATEMENT
Series statement Cengage learning series in renewable energies.
500 ## - GENERAL NOTE
General note Includes glossary and index.
505 1# - FORMATTED CONTENTS NOTE
Formatted contents note 1. Atomic Theory --- 2. Electrical Measurement and Ohm's Law --- 3. Resistors, Capacitors and Inductors --- 4. Series DC Circuits --- 5. Parallel DC Circuit --- 6. Introduction to alternating current --- 7. R-C and R-L AC Circuits --- 8. Batteries --- 9. Inverters, Controllers, and Applications --- 10. Photovoltaic Cells & Applications --- 11. Wind Turbine Power Measurements and Mechanical Construction --- 12. Wind Turbines & Power Generation --- 13. Fuel Cells.
520 ## - SUMMARY, ETC.
Summary, etc. Essential for anyone interested in a career in renewable energy, ELECTRICAL THEORY FOR RENEWABLE ENERGY presents a solid foundation of electrical theory and applications for both photovoltaic (PV) power and wind power in one engaging book. Designed to apply to electricians as well as individuals specializing in PV and wind turbines, each chapter provides a common technical language and knowledge base for all renewable energy practitioners so that all members of the team (i.e., practitioners, designers, installers and engineers) are able to work together effectively in the field. With multiple examples and opportunities for practice, this book covers the basic electrical theory that is required for you to understand any renewable energy source that generates electricity. -- Back cover.
650 #0 - SUBJECT ADDED ENTRY--TOPICAL TERM
Topical term or geographic name entry element Electrical engineering.
General subdivision EE, EL
856 42 - ELECTRONIC LOCATION AND ACCESS
Materials specified Publisher description
Uniform Resource Identifier <a href="http://www.loc.gov/catdir/enhancements/fy1212/2012941795-d.html">http://www.loc.gov/catdir/enhancements/fy1212/2012941795-d.html</a>
856 41 - ELECTRONIC LOCATION AND ACCESS
Materials specified Table of contents only
Uniform Resource Identifier <a href="http://www.loc.gov/catdir/enhancements/fy1212/2012941795-t.html">http://www.loc.gov/catdir/enhancements/fy1212/2012941795-t.html</a>
856 42 - ELECTRONIC LOCATION AND ACCESS
Materials specified Contributor biographical information
Uniform Resource Identifier <a href="http://www.loc.gov/catdir/enhancements/fy1303/2012941795-b.html">http://www.loc.gov/catdir/enhancements/fy1303/2012941795-b.html</a>
856 42 - ELECTRONIC LOCATION AND ACCESS
Uniform Resource Identifier <a href="http://www.amazon.in/Electrical-Renewable-Cengage-Learning-Energies/dp/113312755X/ref=sr_1_1?s=books&ie=UTF8&qid=1456115611&sr=1-1&keywords=9781133127550">http://www.amazon.in/Electrical-Renewable-Cengage-Learning-Energies/dp/113312755X/ref=sr_1_1?s=books&ie=UTF8&qid=1456115611&sr=1-1&keywords=9781133127550</a>
906 ## - LOCAL DATA ELEMENT F, LDF (RLIN)
a 7
b cbc
c copycat
d 2
e epcn
f 20
g y-gencatlg
942 ## - ADDED ENTRY ELEMENTS (KOHA)
Source of classification or shelving scheme
Koha item type Book
Holdings
Withdrawn status Lost status Source of classification or shelving scheme Materials specified (bound volume or other part) Damaged status Not for loan Permanent Location Current Location Shelving location Date acquired Source of acquisition Cost, normal purchase price Total Checkouts Full call number Barcode Date last seen Cost, replacement price Price effective from Koha item type
      paperback     Pakistan Navy Engineering College (PNEC) Pakistan Navy Engineering College (PNEC) Reference 12/03/2015 Progressive International Agencies / Ref Grant 7771.14   621.042 GOO PNECLIB-032619 02/22/2016 7771.14 12/03/2015 Book
© 2023 Central Library, National University of Sciences and Technology. All Rights Reserved.